| 000 | 00673nam a22002177a 4500 | ||
|---|---|---|---|
| 003 | OSt | ||
| 005 | 20260203032641.0 | ||
| 008 | 260203b |||||||| |||| 00| 0 eng d | ||
| 040 |
_aDWC-Main lib _cOC |
||
| 082 |
_2Second edition _aCirc. 620.1 S617e 1963 |
||
| 100 | _aSinger,Ferdinand L. | ||
| 245 |
_aEngineering mechanics/ _cFerdinand L. Mechanics |
||
| 250 | _a Second edition | ||
| 260 |
_aNew York : _bHarper & Row., _cc1963. |
||
| 300 |
_aviii, 525 pages : _billustrations ; _c 22cm. |
||
| 504 | _aIncludes index. | ||
| 650 | _a1. Dynamics | ||
| 650 | _a2. Mechanics, Applied | ||
| 650 | _a3. Statistics | ||
| 942 |
_2ddc _cBK-CIRC _eSecond edition _kCirc. _n0 |
||
| 999 |
_c8169 _d8169 |
||